000 00236nam a2200109Ia 4500
008 240625s9999 xx 000 0 und d
041 _aeng
082 _a658.15 KHA
100 _aKHAN M Y
245 _aFINANCIAL SERVICES
260 _c2013
999 _c38143
_d38143